Statystyki dla Starożytne miasta

Kliknij tutaj aby rozwiązać quiz!

Ogólne statystyki

  • Ten quiz został rozwiązany 7 247 razy
  • Średni wynik to 13 z 27

Statystyki odpowiedzi

MiastoDzisiejszy kraj% Poprawnych
KonstantynopolTurcja
88%
PompejeWłochy
88%
SpartaGrecja
85%
TrojaTurcja
81%
BabilonIrak
78%
Machu PicchuPeru
76%
KnossosGrecja (Kreta)
66%
KoryntGrecja
62%
KartaginaTunezja
62%
MemfisEgipt
58%
TenochtitlanMeksyk
53%
XanaduChiny
47%
LuoyangChiny
46%
CuscoPeru
45%
UrIrak
40%
PersepolisIran
39%
PetraJordania
34%
RawennaWłochy
33%
AngkorKambodża
32%
EdoJaponia
30%
AntiochTurcja
28%
NiniwaIrak
26%
TimbuktuMali
21%
KarakorumMongolia
19%
TyrLiban
18%
AyutthayaTajlandia
16%
TikalGwatemala
13%

Rozkład punktacji

Percentyl według liczby udzielonych odpowiedzi

Procent ludzi z każdym wynikiem

Twoja historia wyników

Nie rozwiązałeś tego quizu